000 00350nam a2200145Ia 4500
008 191201s2009 xx 000 0 und d
082 _a005.133
_bTED
100 _aTenenbaum, Aaron M
245 0 _aData Structures Using C
250 _aImmp. 7th
260 _aN.Delhi
_bpearson
_c2009
300 _a656
650 _aB.Tech(CSE)
942 _2ddc
_cBK
_03
999 _c3980
_d3980